• 首页
  • 本馆介绍
  • 公告通知
  • 最新文献
  • 馆藏检索
  • 电子资源
  • 读者导购
  • 参考咨询
  • 我的图书馆
  • 登录
  • 详细信息显示
  • 放入我的书架
  • 预约/预借图书
  • 作者相关作品
  • 分类相关作品
  • 丛书相关作品
  • 出版社相关作品

书目信息

  • 表格格式
  • 工作单格式
  • 卡片格式
题名:
系统辨识
    
 
作者: 冯培悌 编著
分册:  
出版信息: 杭州   浙江大学出版社  2004
页数: 180页
开本: 26cm
丛书名:
单 册:
中图分类: N945.14
科图分类:
主题词: 系统辨识
电子资源:
ISBN: 7-308-02100-9
000 00865nam0 2200241 450
001 012007938886
005 20070517102449.46
010    @a7-308-02100-9@dCNY18.00
100    @a20070509d2004 km y0chiy0120 ea
101 0  @achi
102    @aCN@b330000
105    @ay z 000yy
106    @ar
200 1  @a系统辨识@Axi tong bian shi@f冯培悌编著@Ffeng pei ti bian zhu
205    @a2版
210    @a杭州@c浙江大学出版社@d2004
215    @a180页@d26cm
330    @a本书较系统地介绍了系统辨识的理论与方法,内容涉及系统辨识的基本概念、动态系统的数学模型和各种辨识方法及其应用。书中讨论了辨识的经典方法、最小二乘类方法和一些概率型方法,以及它们在各类系统的辨识中的应用,并对递推算法的收敛性、结构辨识、闭环辨识、试验设
606 0  @a系统辨识
690    @aN945.14@v4
701  0 @a冯培悌@Afeng pei ti@4编著
801  0 @aCN@bRULIN@c20070517
905    @dN945.14@e31@s5
    
    系统辨识/冯培悌编著.-2版.-杭州:浙江大学出版社,2004
    180页;26cm
    
    
    ISBN 7-308-02100-9:CNY18.00
    本书较系统地介绍了系统辨识的理论与方法,内容涉及系统辨识的基本概念、动态系统的数学模型和各种辨识方法及其应用。书中讨论了辨识的经典方法、最小二乘类方法和一些概率型方法,以及它们在各类系统的辨识中的应用,并对递推算法的收敛性、结构辨识、闭环辨识、试验设
●
相关链接 在E读中查询图书 在五车中查询图书 在当当中查询图书 在豆瓣中查询图书


正题名:系统辨识     索取号:N945.14/31         预约/预借

序号 登录号 条形码 馆藏地/架位号 状态 备注
1 0572852   205728523   第二样本阅览室/ [索取号:N945.14/31] 在馆    
2 0572853   205728532   第三借阅区/ [索取号:N945.14/31] 在馆    
3 0572854   205728541   第三借阅区/ [索取号:N945.14/31] 在馆    
4 0572855   205728550   第三借阅区/ [索取号:N945.14/31] 在馆    
5 0572856   205728569   第三借阅区/ [索取号:N945.14/31] 在馆    
唐山师范学院图书馆 欢迎您!
大连网信软件有限公司© 版权所有